|
|
|
|
| LEADER |
00000nam0a2200000 4500 |
| 001 |
137566 |
| 005 |
20231031141109.0 |
| 020 |
|
|
|a RU
|b 87-50135
|
| 035 |
|
|
|a (RuTPU)RU\TPU\book\149089
|
| 090 |
|
|
|a 137566
|
| 100 |
|
|
|a 20080514d1987 m y0rusy5003 ca
|
| 101 |
0 |
|
|a rus
|
| 102 |
|
|
|a RU
|
| 105 |
|
|
|a c z 000ay
|
| 200 |
1 |
|
|a Годы в огне
|e Роман
|f М. С. Гроссман
|
| 205 |
|
|
|a 2-е изд., испр. и доп.
|
| 210 |
|
|
|a Челябинск
|c Южно-Уральское кн. изд-во
|d 1987
|
| 215 |
|
|
|a 494,[2] с.
|c портр.
|d 21 см
|
| 305 |
|
|
|a Загл. 1-го изд.: Да святится имя твое
|
| 610 |
1 |
|
|a Урал
|
| 610 |
1 |
|
|a романы
|
| 610 |
1 |
|
|a Гражданская война 1918-1921
|
| 675 |
|
|
|a Р2
|z rus
|
| 700 |
|
1 |
|a Гроссман
|b М. С.
|g Марк Соломонович
|4 070
|
| 801 |
|
0 |
|a RU
|b RuMRKP
|c 19950417
|g psbo
|
| 801 |
|
1 |
|a RU
|b 63413507
|c 20080514
|g PSBO
|
| 801 |
|
2 |
|a RU
|b 63413507
|c 20140208
|g PSBO
|
| 942 |
|
|
|c BK
|